| 000 | 00948cam a22003014a 4500 | ||
|---|---|---|---|
| 001 | 28099 | ||
| 005 | 20230410120753.0 | ||
| 008 | 020912s2002 sp b 001 0 spa | ||
| 035 | _a12949536 | ||
| 925 | 0 |
_aacquire _b1 shelf copy _xpolicy default |
|
| 942 |
_2lcc _cbk |
||
| 010 | _a 2002496622 | ||
| 020 | _a8467001704 | ||
| 035 | _a(SpBaP)pu020066778 | ||
| 040 |
_aDLC _cDLC |
||
| 042 | _apcc | ||
| 050 | 1 | 4 |
_aHV 6432.7 _bR741m 2002 |
| 100 | 1 |
_aRojas Marcos, Luis, _d1943- |
|
| 245 | 1 | 0 |
_aMás allá del 11 de septiembre : _bla superación del trauma / _cLuis Rojas Marcos. |
| 260 |
_a[Madrid] : _bEspasa, _cc2002. |
||
| 300 |
_a156 p. ; _c22 cm. |
||
| 440 | 0 | _aEspasa hoy | |
| 504 | _aIncludes bibliographical references (p. 149-154) and index. | ||
| 650 | 0 |
_aSeptember 11 Terrorist Attacks, 2001 _xPsychological aspects. |
|
| 650 | 0 |
_aTerrorism _xPsychological aspects. |
|
| 923 |
_d20020920 _n92059 _sSpBaP |
||
| 985 | _eVENDOR LOAD | ||
| 999 |
_c51523 _d51523 |
||